| 000 | 00995nam a2200277 a 4500 | ||
|---|---|---|---|
| 001 | vtls003211294 | ||
| 003 | MY-SjTCS | ||
| 005 | 20200207100456.0 | ||
| 008 | 110218s2010 enk b 001 0 eng d | ||
| 020 | _a0414042409 (pbk.) | ||
| 020 | _a9780414042407 (pbk.) | ||
| 039 | 9 |
_a201102181753 _bVLOAD _c201101191200 _dpushpa _y201010191340 _zmalathy |
|
| 082 | 0 | 4 |
_a343.42071 _bWOO 2010 |
| 100 | 1 | _aWoodroffe, G. F. | |
| 245 | 1 | 0 |
_aWoodroffe & Lowe's consumer law and practice / _cby Geoffrey Woodroffe and Robert Lowe. |
| 246 | 3 | 0 | _aConsumer law and practice |
| 250 | _a8th ed. | ||
| 260 |
_aLondon : _bSweet & Maxwell, _c2010. |
||
| 300 |
_axxxiii, 457 p. ; _c24 cm. |
||
| 500 | _aThe law is stated as at 28th February 2010. | ||
| 504 | _aIncludes bibliographical references and index. | ||
| 650 | 0 |
_aConsumer protection _xLaw and legislation _zGreat Britain. |
|
| 650 | 0 |
_aRetail trade _xLaw and legislation _zGreat Britain. |
|
| 700 | 1 |
_aLowe, Robert, _d1932- |
|
| 920 | _aLAW : 152966 | ||
| 999 | _c130043 | ||